|
|
|
|
| LEADER |
00000nam2a2200000 4500 |
| 001 |
159890 |
| 005 |
20231101222140.0 |
| 010 |
|
|
|a 5217033177
|
| 035 |
|
|
|a (RuTPU)RU\TPU\book\173406
|
| 090 |
|
|
|a 159890
|
| 100 |
|
|
|a 20090515d2006 km y0rusy50 ca
|
| 101 |
0 |
|
|a rus
|
| 102 |
|
|
|a RU
|
| 105 |
|
|
|a a g 001zy
|
| 200 |
0 |
|
|a Т. 1: Кн. 1: Визуальный и измерительный контроль; Кн. 2: Радиационный контроль
|f Ф. Р. Соснин
|
| 210 |
|
|
|d 2006
|
| 215 |
|
|
|a 560 с.
|c ил.
|
| 320 |
|
|
|a Библиогр.: с. 558-559.
|
| 330 |
|
|
|a В первой книге рассмотрены вопросы визуального и измерительного контроля: оптика, оптические свойства глаза, светотехника, оптические системы, металловедение и термическая обработка, основы линейных и угловых измерений, классификация дефектов, процедур визуального и измерительного контроля изделий металлургической промышленности, сварных соединений, отливок, паяных соединений, особенности визуального и измерительного контроля в некоторых отраслях промышленности. Во второй книге кратко изложены основные понятия, физические и технические основы методов и средств радиационного контроля. Даны новые сведения по средствам и организации контроля на предприятиях, радиационной защите и технике безопасности. Рассмотрены отдельные вопросы применения метода при контроле качества материалов (выявление дефектов в слитках, литых изделиях, сварных и паяных соединениях и т.д.) и функционировании узлов и механизмов, а также в научных исследованиях (регистрация быстро протекающих процессов, физических явлений в непрозрачных средах и т.д.). Для инженерно-технических работников, разработчиков и пользователей указанных методов неразрушающего контроля, а также может быть полезен студентам и преподавателям вузов.
|
| 461 |
|
1 |
|0 (RuTPU)RU\TPU\book\126047
|y 5-217-03185-9
|t Неразрушающий контроль
|o справочник
|o в 8 т.
|f под ред. В. В. Клюева
|v Т. 1: Кн. 1: Визуальный и измерительный контроль; Кн. 2: Радиационный контроль
|e 2-е изд., перераб. и испр.
|d 2006-2008
|s Справочник
|
| 606 |
1 |
|
|a Неразрушающий контроль
|2 stltpush
|3 (RuTPU)RU\TPU\subj\66931
|9 82903
|
| 610 |
1 |
|
|a визуальный контроль
|
| 610 |
1 |
|
|a измерительный контроль
|
| 610 |
1 |
|
|a радиационный контроль
|
| 610 |
1 |
|
|a оптика
|
| 610 |
1 |
|
|a светотехника
|
| 610 |
1 |
|
|a линейные измерения
|
| 610 |
1 |
|
|a угловые измерения
|
| 610 |
1 |
|
|a металловедение
|
| 610 |
1 |
|
|a термическая обработка
|
| 610 |
1 |
|
|a металлургическая промышленность
|
| 610 |
1 |
|
|a визуально-оптический контроль
|
| 610 |
1 |
|
|a сварка
|
| 610 |
1 |
|
|a дефекты
|
| 610 |
1 |
|
|a паяные соединения
|
| 610 |
1 |
|
|a отливки
|
| 610 |
1 |
|
|a металлические защитные покрытия
|
| 610 |
1 |
|
|a энергетические объекты
|
| 610 |
1 |
|
|a химические объекты
|
| 610 |
1 |
|
|a нефтехимические объекты
|
| 610 |
1 |
|
|a авиационная техника
|
| 610 |
1 |
|
|a техническое диагностирование
|
| 610 |
1 |
|
|a международные стандарты
|
| 610 |
1 |
|
|a Европейские стандарты
|
| 610 |
1 |
|
|a ионизирующее излучение
|
| 610 |
1 |
|
|a проникающие излучения
|
| 610 |
1 |
|
|a радиография
|
| 610 |
1 |
|
|a радиоскопия
|
| 610 |
1 |
|
|a радиометрия
|
| 610 |
1 |
|
|a радиационная безопасность
|
| 610 |
1 |
|
|a национальные стандарты
|
| 610 |
1 |
|
|a справочники
|
| 675 |
|
|
|a 620.179.1(035)
|v 3
|
| 700 |
|
1 |
|a Соснин
|b Ф. Р.
|
| 801 |
|
1 |
|a RU
|b 63413507
|c 20090515
|g PSBO
|
| 801 |
|
2 |
|a RU
|b 63413507
|c 20160919
|g PSBO
|
| 900 |
|
|
|a Визуальный и измерительный контроль
|
| 900 |
|
|
|a Радиационный контроль и диагностика
|
| 900 |
|
|
|a Методы обработки результатов измерений
|
| 900 |
|
|
|a Акустический контроль и диагностика
|
| 900 |
|
|
|a Визуально-оптические методы контроля и диагностики
|
| 900 |
|
|
|a Физические основы измерений
|
| 942 |
|
|
|c BK
|
| 959 |
|
|
|a 59/20090515
|d 1
|e 1000,00
|f ЧЗТЛ:1
|
| 959 |
|
|
|a 68/20160907
|d 3
|e 940,00
|f УФ:3
|